Tilastot visalle Dominica-visa

Klikkaa tästä pelataksesi tätä visaa!

Yleistilastot

  • Tätä visaa on pelattu 185 kertaa
  • Keskiarvotulos 10 / 15

Vastaustilastot

VihjeVastaus% Oikein
Meri, jossa Dominica sijaitseeKaribianmeri
97%
Virallinen kieliEnglanti
93%
Hedelmä, joka kattaa 39 % viennistäBanaani
88%
Valtio, josta Dominica itsenäistyi 1978Yhdistynyt kuningaskunta
87%
Saaristo, johon Dominica kuuluuPienet Antillit
78%
Dominica ja Nicaragua ovat ainoat valtiot, joiden lipussa on tätä väriäVioletti
77%
PääkaupunkiRoseau
73%
Valuutta{Itä-Karibia}n dollari
72%
Maan lipussakin esiintyvä Dominican kansallislintuKeisariamatsoni
63%
Yllä olevaan saaristoon kuuluva saariryhmä, johon Dominica kuuluu{Windward}saaret
55%
Boiling Lake on maailman toiseksi suurinKuuma lähde
54%
16 % hallituksen tuloista tulee tämän myynnistä varakkaille ihmisilleKansalaisuus
52%
Ranskan departementti Dominican eteläpuolellaMartinique
52%
Suuri hammasvalaslaji, jota tavataan Dominicalla runsain määrinKaskelotti
47%
Ranskan departementti Dominican pohjoispuolellaGuadeloupe
42%

Tulosjakauma

Persentiili vastausten määrän mukaan

Jokaisen tuloksen saaneiden osuus

Tuloshistoriasi

Et ole pelannut tätä visaa